书目信息 |
| 题名: |
大学英语6级高分作文点睛
|
|
| 作者: | 吴玮翔 , 吴晓妹 主编 | |
| 分册: | ||
| 出版信息: | 上海 上海交通大学出版社 2009.04 |
|
| 页数: | 192页 | |
| 开本: | 21cm | |
| 丛书名: | 考试桥丛书 | |
| 单 册: | ||
| 中图分类: | H315 | |
| 科图分类: | ||
| 主题词: | 英语--ying yu--写作--高等学校--教材 | |
| 电子资源: | ||
| ISBN: | 978-7-313-05703-7 | |
| 000 | 01023nam 2200265 450 | |
| 001 | 012010356265 | |
| 005 | 20100403102517.42 | |
| 010 | @a978-7-313-05703-7@dCNY12.00 | |
| 100 | @a20100403d2009 em y0chiy0120 ea | |
| 101 | 0 | @aeng |
| 102 | @aCN@b310000 | |
| 105 | @aak z 000yy | |
| 106 | @ar | |
| 200 | 1 | @a大学英语6级高分作文点睛@Ada xue ying yu 6 ji gao fen zuo wen dian jing@f吴玮翔, 吴晓妹主编@Fwu wei xiang,wu xiao mei zhu bian |
| 210 | @a上海@c上海交通大学出版社@d2009.04 | |
| 215 | @a192页@c图@d21cm | |
| 225 | 2 | @a考试桥丛书@Akao shi qiao cong shu@i考前冲刺热身系列 |
| 330 | @a本书介绍了6级作文写作的基本功及评分标准,从构思、提纲到成文,讲解各类作文的写作要诀,并提供大量范文示例,对读者有针对性地提高6级作文写作水平有实际帮助。 | |
| 410 | 0 | @12001 @a考试桥丛书@i考前冲刺热身系列 |
| 606 | 0 | @a英语@Aying yu@x写作@x高等学校@j教材 |
| 690 | @aH315@v4 | |
| 701 | 0 | @a吴玮翔@Awu wei xiang@4主编 |
| 701 | 0 | @a吴晓妹@Awu xiao mei@4主编 |
| 801 | 0 | @aCN@bQSSK@c20100403 |
| 905 | @b772823-27@dH315@eW887@f5 | |
| 大学英语6级高分作文点睛/吴玮翔, 吴晓妹主编.-上海:上海交通大学出版社,2009.04 |
| 192页:图;21cm.-(考试桥丛书.考前冲刺热身系列) |
| ISBN 978-7-313-05703-7:CNY12.00 |
| 本书介绍了6级作文写作的基本功及评分标准,从构思、提纲到成文,讲解各类作文的写作要诀,并提供大量范文示例,对读者有针对性地提高6级作文写作水平有实际帮助。 |
| ● |
| 相关链接 |
|
|
|
正题名:大学英语6级高分作文点睛
索取号:H315/W887
 
预约/预借
| 序号 | 登录号 | 条形码 | 馆藏地/架位号 | 状态 | 备注 |
| 1 | 772823 | 207728235 | 语言库209/209语言库 5排1列6层/ [索取号:H315/W887] | 在馆 | |
| 2 | 772824 | 207728244 | 语言库209/209语言库 5排1列6层/ [索取号:H315/W887] | 在馆 | |
| 3 | 772825 | 207728253 | 语言库209/209语言库 38排2列6层/ [索取号:H315/W887] | 在馆 | |
| 4 | 772826 | 207728262 | 语言库209/209语言库 38排2列6层/ [索取号:H315/W887] | 在馆 | |
| 5 | 772827 | 207728271 | 语言库209/209语言库 5排1列6层/ [索取号:H315/W887] | 在馆 |